El nuevo noé /

Guardado en:
Autor Principal: Durrel, Gerald
Otros Autores: Santos, Juan Antonio, trad., Porta, Enrique, il.
Formato: Libro
Publicado: Barcelona : Alfaguara, 1987
Series:Biblioteca juvenil; No. 71
Materias:
Etiquetas: Agregar Etiqueta
Sin Etiquetas, Sea el primero en etiquetar este registro!
LEADER 00830nam a22002655a 4500
001 CEM.cems010852
005 20080312123414.0
008 130507s1987##################000#0#####d
003 CEMS
020 |a 8434585871 
082 0 4 |a SG823.9 
100 1 |a Durrel, Gerald 
245 1 0 |a El nuevo noé /  |c Gerald Durrel ; traducción de Juan Antonio Santos ; ilustraciones de Enrique Porta 
260 |a Barcelona :  |b Alfaguara,  |c 1987 
300 |a 205 p. 
490 0 |a Biblioteca juvenil; No. 71 
653 |a Literatura 
653 |a Literatura juvenil 
653 |a Literatura inglesa 
653 |a Novelas 
653 |a Novelas inglesas 
653 |a Biblioteca maría de los angeles saggio 
700 1 |a Santos, Juan Antonio, trad. 
700 1 |a Porta, Enrique, il. 
859 |a CEMS  |b BIB. CEMS - 11 de abril  |h SG823.9  |i D938  |p 21522.01  |t Ej.1